| 000 | 00632nam a22001935i 4500 | ||
|---|---|---|---|
| 001 | 157698 | ||
| 003 | ES-MaACL | ||
| 005 | 20250903084339.0 | ||
| 008 | 051010s1886 fr | |||||||| ||fre d | ||
| 040 |
_aCAM _bspa _cCAM |
||
| 110 | 2 |
_aFélix Alcan, Éditeur. _9158957 |
|
| 245 | 1 | 0 | _aCatalogue des livres de fonds (philosophie-histoire). |
| 260 |
_aParis : _bFélix Alcan, éditeur, _c1886. |
||
| 300 |
_a32 p. ; _c22 cm. |
||
| 650 | 7 |
_aCatálogos de editores- _yS.XIX _2 _9169796 |
|
| 650 | 7 |
_aCatálogos de editores- _yS.XX _2 _9169795 |
|
| 852 |
_aES-MaACL _jF-1438(2) _z-- Enc. ed. en tela |
||
| 999 |
_c157698 _d157698 |
||